Business, politics, and the state in Africa challenging the orthodoxies on growth and transformation /

Bibliographic Details
Main Author: Kelsall, Tim, 1970-
Corporate Author: ProQuest (Firm)
Format: Electronic eBook
Language:English
Published: London ; New York : Zed Books, c2013.
Subjects:
Online Access:Click to View
LEADER 01316nam a2200337Ia 4500
001 EBC1107615
003 MiAaPQ
005 20200520144314.0
006 m o d |
007 cr cn|||||||||
008 130120s2013 enk sb 001 0 eng d
020 |z 9781780323312 
020 |a 9781780323329 (electronic bk.) 
035 |a (MiAaPQ)EBC1107615 
035 |a (Au-PeEL)EBL1107615 
035 |a (CaPaEBR)ebr10642037 
035 |a (CaONFJC)MIL423665 
035 |a (OCoLC)823719958 
040 |a MiAaPQ  |c MiAaPQ  |d MiAaPQ 
050 4 |a HC800  |b .K45 2013 
100 1 |a Kelsall, Tim,  |d 1970- 
245 1 0 |a Business, politics, and the state in Africa  |h [electronic resource] :  |b challenging the orthodoxies on growth and transformation /  |c Tim Kelsall. 
260 |a London ;  |a New York :  |b Zed Books,  |c c2013. 
300 |a ix, 190 p. 
504 |a Includes bibliographic references and index. 
533 |a Electronic reproduction. Ann Arbor, MI : ProQuest, 2015. Available via World Wide Web. Access may be limited to ProQuest affiliated libraries. 
650 0 |a Structural adjustment (Economic policy)  |z Africa. 
651 0 |a Africa  |x Economic conditions. 
655 4 |a Electronic books. 
710 2 |a ProQuest (Firm) 
856 4 0 |u https://ebookcentral.proquest.com/lib/matrademy/detail.action?docID=1107615  |z Click to View